| 000 -NÁVESTIE |
| fixed length control field |
00591nam a2200193 a 4500 |
| 008 - ÚDAJE S PEVNOU DĹŽKOU – VŠEOBECNÉ INFORMÁCIE |
| fixed length control field |
951212s1983||||CS 0 slo c |
| 040 ## - ZDROJ KATALOGIZÁCIE |
| Pôvodná katalogizujúca agentúra |
SNK |
| Jazyk katalogizácie |
slo |
| Prepisujúca agentúra |
SNK |
| Konvencie popisu |
AACR2 |
| 044 ## - KÓD KRAJINY VYDAVATEĽA/PRODUCENTA |
| Kód krajiny MARC |
xo |
| Kód krajiny ISO |
SK |
| 080 ## - ČÍSLO MEDZINÁRODNÉHO DESATINNÉHO TRIEDENIA (MDT) |
| Číslo Medzinárodného desatinného triedenia (MDT) |
687.02-053.2(035.5) |
| 020 ## - MEDZINÁRODNÉ ŠTANDARDNÉ ČÍSLO KNIHY (ISBN) |
| Údaje o dostupnosti |
35 |
| 041 ## - KÓD JAZYKA |
| Kód jazyka textu/zvukovej stopy alebo samostatných nápisov |
slo |
| 100 1# - OSOBNÉ MENÁ – VŠEOBECNÉ INFORMÁCIE |
| Osobné meno |
Bajzáth, Rózsa Katalin |
| 245 10 - NÁZOV |
| Názov |
Striháme a šijeme pre deti |
| Údaj o zodpovednosti atď. |
Rózsa Katalin Bajzáth ; Ružena Halásová, Mikuláš Maník |
| 260 ## - VYDAVATEĽSKÉ ÚDAJE, DISTRIBÚCIA ATĎ. |
| Miesto publikovania, distribúcie atď. |
Bratislava |
| Názov vydavateľa, distibútora atď. |
Alfa |
| Dátum publikovania, distribúcie atď. |
1983 |
| Miesto výroby |
Košice |
| Výrobca |
Východoslovenské tlačiarne |
| 300 ## - FYZICKÝ POPIS |
| Ďalšie fyzické detaily |
Sch. |
| 700 1# - PRIDANÝ VSTUP – OSOBNÉ MENO |
| Osobné meno |
Halásová, Ružena |
| Kód roly |
prk |
| 700 1# - PRIDANÝ VSTUP – OSOBNÉ MENO |
| Osobné meno |
Maník, Mikuláš |
| Kód roly |
gup |
| 958 ## - Formálny deskriptor |
| Formálny deskriptor |
A |